00537nam a2200229Ia 4500008004100000020001800041050001400059100001800073245001900091245002100110260002500131260002200156260000900178300001500187300002800202300001000230440001700240500000900257650001800266700001200284700001100296190123s9999 xx 000 0 und d a9780531265857 bM959 2012 aMullins, Matt 4aThe elements / 0cby Matt Mullins. aNew York, New York : bChildren's Press, c2012 a48 pages : bcolored illustrations ; c22cm. aA true book. a820L aPeriodic law. aSeries. aTitle.